书目信息 |
| 题名: |
灵魂离体杀人事件
|
|
| 作者: | 岛田庄司 著 ;陈涤 译 | |
| 分册: | ||
| 出版信息: | 北京 新星出版社 2010.05 |
|
| 页数: | 196页 | |
| 开本: | 22cm | |
| 丛书名: | 午夜文库 | |
| 单 册: | ||
| 中图分类: | I313.45 | |
| 科图分类: | ||
| 主题词: | 推理小说 , 推理小说--日本--现代 , 长篇小说--日本--现代 , 长篇小说 | |
| 电子资源: | ||
| ISBN: | 978-7-80225-910-2 | |
| 000 | 00913nam0 2200313 450 | |
| 001 | 1134343423 | |
| 005 | 20111228093256.20 | |
| 010 | @a978-7-80225-910-2@dCNY22.00 | |
| 090 | @aI313.45@bdtz | |
| 096 | @aI313.45@bdtz | |
| 100 | @a20100730d2010 em y0chiy50 ea | |
| 101 | 1 | @achi@cjpn |
| 102 | @aCN@b110000 | |
| 105 | @ay z 000ay | |
| 200 | 1 | @a灵魂离体杀人事件@b专著@g陈涤译@9ling hun li ti sha ren shi jian |
| 210 | @a北京@c新星出版社@d2010.05 | |
| 215 | @a196页@d22cm | |
| 225 | 1 | @a午夜文库@i大师系列 |
| 300 | @a岛田庄司推理小说 吉敷竹史系列 | |
| 308 | @a文库 149 | |
| 606 | 0 | @a推理小说 |
| 606 | 0 | @a推理小说@y日本@z现代 |
| 606 | 0 | @a长篇小说@y日本@z现代 |
| 606 | 0 | @a长篇小说 |
| 690 | @aI313.45@v4 | |
| 701 | 0 | @c(日)@a岛田庄司@c(Shimada Soji@f1948.10~)@4著@9dao tian zhuang si |
| 702 | 0 | @a陈涤@4译@9chen di |
| 801 | 0 | @aCN@b110020@c20100727 |
| 905 | @aZUCC@dI313.45@eD19012 | |
| 灵魂离体杀人事件/陈涤译.-北京:新星出版社,2010.05 |
| 196页;22cm.-(午夜文库.大师系列) |
| 岛田庄司推理小说 吉敷竹史系列 |
| ISBN 978-7-80225-910-2:CNY22.00 |
| ● |
| 相关链接 |
|
|
|
正题名:灵魂离体杀人事件
索取号:I313.45/D19012
 
预约/预借
| 序号 | 登录号 | 条形码 | 馆藏地/架位号 | 状态 | 备注 |
| 1 | 467099 | 204670999 | 文学库116/116文学库 14排3列1层/ [索取号:I313.45/D19012] | 在馆 | |
| 2 | 467100 | 204671006 | 文学库116/116文学库 14排3列1层/ [索取号:I313.45/D19012] | 在馆 |